Welcome to WEB OPAC of MRSPTU Central Library

Library Classfication (Record no. 10624)

MARC details
000 -LEADER
fixed length control field 00387nam a22001577a 4500
003 - CONTROL NUMBER IDENTIFIER
control field OSt
005 - DATE AND TIME OF LATEST TRANSACTION
control field 20260112154153.0
008 - FIXED-LENGTH DATA ELEMENTS--GENERAL INFORMATION
fixed length control field 260112b |||||||| |||| 00| 0 eng d
040 ## - CATALOGING SOURCE
Transcribing agency MRSPTU
082 ## - DEWEY DECIMAL CLASSIFICATION NUMBER
Classification number 025.4
100 ## - MAIN ENTRY--PERSONAL NAME
Personal name Iqbal Singh/ Brar, Iqbal Singh
245 ## - TITLE STATEMENT
Title Library Classfication
650 ## - SUBJECT ADDED ENTRY--TOPICAL TERM
Topical term or geographic name entry element Library Science
856 ## - ELECTRONIC LOCATION AND ACCESS
Uniform Resource Identifier <a href="https://library.mrsptu.ac.in">https://library.mrsptu.ac.in</a>
942 ## - ADDED ENTRY ELEMENTS (KOHA)
Source of classification or shelving scheme Dewey Decimal Classification
Koha item type Theses & Dissertations
Suppress in OPAC No
999 ## -
-- 10624
-- 10624

No items available.


Website Designed and Developed by MRSPTU Central Library Team

E-mail Id: librarian@mrsptu.ac.in